| 000 | 00724nam a2200241Ia 4500 | ||
|---|---|---|---|
| 003 | OSt | ||
| 005 | 20221005093240.0 | ||
| 006 | a|||||r|||| 00| 0 | ||
| 007 | ta | ||
| 008 | 221004b |||||||| |||| 00| 0 rus d | ||
| 024 | _a18179 | ||
| 037 |
_bGift, 28/05/2015, _cTextual |
||
| 040 |
_aCRL _cCRL _brus |
||
| 041 |
_2rus _arus |
||
| 082 | _aO142v:N5, J8 | ||
| 100 |
_aWhitfield Francis J Ed. _9618243 |
||
| 245 | 0 |
_aHistory of Russian literature _b From its beginnings to 1900 |
|
| 260 |
_aNew York _bVintage Books USA _c1958 |
||
| 300 |
_a383p. _ccm. |
||
| 650 | _aRUSSIAN LITERATURE | ||
| 942 |
_hO142v:N5, J8 _cTEXL _2cc |
||
| 999 |
_c1000063 _d1000063 |
||